000 00446nam a2200145Ia 4500
008 100204s9999 xx 000 0 und d
082 _b25910
100 _aमराठे रमा
245 _aहसत जगावं
260 _b"मेहता पब्लिशिंग हाऊस , पुणे"
_c2002
300 _a136
630 _aहसत जगावं
730 _aहसत जगावं
942 _cBOOK
999 _c471091
_d471088